2016-2017 Stanley Cup Champion Penguins - Statistics

General Stats
  • This quiz has been taken 325 times
  • The average score is 15 of 26
Answer Stats
Hint Answer % Correct
87 Sidney Crosby
100%
71 Evgeni Malkin
99%
58 Kris Letang
99%
29 Marc Andre Fleury
91%
30 Matt Murray
91%
81 Phil Kessel
91%
59 Jake Guentzel
84%
14 Chris Kunitz
78%
72 Patric Hornqvist
75%
8 Brian Dumoulin
73%
17 Bryan Rust
70%
13 Nick Bonino
67%
43 Connor Sheary
66%
4 Justin Schultz
51%
3 Olli Maatta
45%
28 Ian Cole
41%
7 Matt Cullen
40%
6 Trevor Daley
38%
62 Carl Haglin
33%
65 Ron Hainsey
32%
2 Chad Ruhwedel
29%
23 Scott Wilson
27%
34 Tom Kuhnhackl
21%
37 Carter Rowney
20%
32 Mark Streit
14%
45 Josh Archibald
10%
No matching quizzes found
Score Distribution
Percent of People with Each Score
Percentile by Number Answered
Your Score History
You have not taken this quiz